| 000 | 00553nam a2200169 i 4500 | ||
|---|---|---|---|
| 001 | 51714 | ||
| 003 | ES-MaACL | ||
| 005 | 20230906162423.0 | ||
| 007 | t| | ||
| 008 | 030818s1970 sp ||||1| spa d | ||
| 100 | 1 |
_aDaninos, Pierre. _942642 |
|
| 245 | 1 | 0 |
_a¿Cómo se puede ser francés? _b: (el Mayor Thompson, tricolor) / _cPierre Daninos ; [traducción de Rosalía Vázquez]. |
| 260 |
_a[Barcelona] : _bPlaza & Janés, _c[1970] |
||
| 300 |
_a212 p. ; _c20 cm. |
||
| 700 | 1 |
_aVázquez Tomás, Rosalia. _9146004 |
|
| 852 |
_aES-MaACL _jC-39900 _bR.74764 |
||
| 999 |
_c51714 _d51714 |
||